Britain divided: the effect of the spanish civil war on british political opinion

Saved in:
Bibliografiske detaljer
Hovedforfatter: Watkins, K. W (Author)
Format: Bog
Sprog:engelsk
Udgivet: Londres Thomas Nelson 1963
Fag:
Tags: Tilføj Tag
Ingen Tags, Vær først til at tagge denne postø!

MARC

LEADER 00000nam a2200000 a 4500
001 UCT7016
003 CL-VaPUC
008 970116e19630000UK |||||||||||||||||eng|d
082 0 4 |a 320.041  |b WAT  |2 21 
100 0 |a Watkins, K. W  |e author  |9 377563 
245 1 0 |a Britain divided: the effect of the spanish civil war on british political opinion 
300 |a 270 p 
942 |c BK 
945 |d 19970116 00:00:00  |a paguirre 
260 |a Londres  |b Thomas Nelson  |c 1963 
650 0 |a Guerra civil  |9 320243 
650 7 |a POLITICA INTERNA  |2 CL-VaPUC  |9 342443 
650 7 |a SISTEMAS POLITICOS  |2 CL-VaPUC  |9 377564 
650 0 |a Relaciones Internacionales  |9 255740 
650 7 |a DISTURBIOS CIVILES  |2 CL-VaPUC  |9 377565 
650 7 |a REVOLUCION  |2 CL-VaPUC  |9 338298 
651 0 |a Inglaterra  |9 255158 
651 0 |a España  |9 254926 
583 |a last modification  |c 19970116 00:00:00  |k Rodrigo Vera 
999 |c 255679  |d 255677 
952 |0 0  |1 0  |4 0  |6 320_041000000000000_WAT_1963  |7 0  |8 A  |9 278049  |a BIBDER  |b BIBDER  |d 2019-11-19  |i 1805274  |o 320.041 WAT 1963  |p 1805274  |r 2023-01-25  |w 2019-11-19  |y BK  |k DER